| 000 | 00394nam a2200133Ia 4500 | ||
|---|---|---|---|
| 008 | 211109s9999||||xx |||||||||||||| ||und|| | ||
| 082 |
_a920 _bCHA-M |
||
| 100 | _aChacko I C, | ||
| 245 | 0 | _aMarluis Pazhayaparampil Jeevithavum Kalavum | |
| 260 |
_bNATIONAL BOOKSTALL _aKottayam _c1900 |
||
| 630 | _xGeneral Stack | ||
| 650 |
_aHistory and geography _vBiography,genealogy & insignia |
||
| 942 | _cBOOK | ||
| 999 |
_c8072 _d8072 |
||